Fast Typing A to Z Backwards - Whammies - Statistics

General Stats
  • This quiz has been taken 165 times
  • The average score is 13 of 26
Answer Stats
Letter % Correct
Z
99%
Y
93%
X
91%
W
90%
V
85%
U
82%
T
78%
S
73%
R
70%
Q
67%
P
57%
O
52%
N
47%
M
45%
L
39%
K
36%
J
32%
I
28%
H
27%
G
26%
F
23%
E
20%
D
18%
A
17%
B
17%
C
17%
No matching quizzes found
Score Distribution
Percent of People with Each Score
Percentile by Number Answered
Your Score History
You have not taken this quiz